000 00598nam a2200241 a 4500
001 0001-0968
003 ELIB.Books
008 140916 2010 eng
020 _a0062502514
035 _a(ELIB.Books)0001-1122
092 _a291.43
_bDos
100 _aDossey, Larry
245 _aHealing Words
260 _aNew York
_bHaper San Francisco
_c1993
300 _a291
_c23.3 Cm
500 _aDr. Yahalaylayla
650 _aHealing/ Prayer
856 _nKBTS; Library
_uKBTS; Elib.
942 _2ddc
_cBK
990 _a1
998 _cbat
_e2014-09-16
999 _c10968
_d10968